Mặt dày tâm đen : Triết lí của người chiến binh để chinh phục các thách thức trong kinh doanh và trong cuộc đời /

Wedi'i Gadw mewn:
Manylion Llyfryddiaeth
Prif Awdur: Chin-Ning Chu.
Awduron Eraill: Trần Lan Anh (dịch.)
Fformat: Sách giấy
Iaith:Vietnamese
Cyhoeddwyd: Đà Nẵng : NXB. Đà nẵng, 2008.
Pynciau:
Tagiau: Ychwanegu Tag
Dim Tagiau, Byddwch y cyntaf i dagio'r cofnod hwn!
Thư viện lưu trữ: Thư viện Trường Đại học Đà Lạt
LEADER 00891nam a2200313 4500
001 DLU090074997
005 ##20090622
040 # # |a DLU  |b vie 
041 # # |a vie 
044 # # |a vn 
082 # # |a 158.1  |b CH-C 
100 # # |a Chin-Ning Chu. 
245 # # |a Mặt dày tâm đen :  |b Triết lí của người chiến binh để chinh phục các thách thức trong kinh doanh và trong cuộc đời /  |c Chin-Ning Chu; Trần Lan Anh dịch. 
260 # # |a Đà Nẵng :  |b NXB. Đà nẵng,  |c 2008. 
300 # # |a 344 tr. ;  |c 21 cm. 
653 # # |a Bí quyết thành công 
653 # # |a Tâm lý học ứng dụng 
700 # # |a Trần Lan Anh,  |e dịch. 
923 # # |a 08/2009 
991 # # |a GT 
992 # # |a 60000 
994 # # |a DLU 
900 # # |a True 
911 # # |a Đào Thị Thu Huyền 
925 # # |a G 
926 # # |a A 
927 # # |a SH 
980 # # |a Thư viện Trường Đại học Đà Lạt